000 00552nam a2200181Ia 4500
008 090123s9999 xx 000 0 und d
082 _b6759
_a891.463/शिरवळकर
100 _aशिरवळकर सुहास
245 _aदास्तान
250 _a1
260 _bआरती प्रकाशन
_c1982
300 _a187
600 _aशिरवळकर सुहास
630 _aदास्तान
700 _aशिरवळकर सुहास
730 _aदास्तान
942 _cBOOK
999 _c44824
_d44824